Europe by Letter C - Picture Quiz - Statistics

General Stats
  • This quiz has been taken 268 times
  • The average score is 11 of 18
Answer Stats
Picture Hint Answer % Correct
(drink) Champagne
95%
(country) Czech Republic
93%
(pastry) Croissant
87%
(scientist) Marie Skłodowska Curie
84%
{Cannes} Film Ffestival
72%
{Chelsea} Football Club
70%
(island) Crete
67%
(emperor) Charlemagne
62%
(empress) Catherine the Great
60%
(member of a spacecraft) Cosmonaut
57%
(airplane) Concorde
56%
(script) Cyrillic
56%
{Charles} Bridge
45%
(composer) Frédéric Chopin
45%
(competition) Champions League
41%
Republic of {Crimea}
37%
(language) Catalan
36%
{CSKA} Moscow
23%
No matching quizzes found
Score Distribution
Percent of People with Each Score
Percentile by Number Answered
Your Score History
You have not taken this quiz